00572 2200193 4500001002100000005001700021008004100038035002400079082001300103090002300116100001900139245009100158260002700249300001800276650004800294850001500342985000600357999001500363YOGYA-0209000002907520090227024305.0 ind  0010-020900000029075 a394.2604 a394.2604bHat PlT aHATTA, Mohamad aPeranan pemuda menuju Indonesia merdeka, Indonesia adil dan makmurcOleh Mohamad Hatta aBandungbAngkasac1966 a40 hlmc21 cm aPidato - Simposium Kebangkitan semangat '66 aYOPDYOG(B) a1 aa000011391